| 000 | 00808aasaa2200217 4500 | ||
|---|---|---|---|
| 005 | 20170517145945.0 | ||
| 008 | 170517s1995 mx u|||| |||| 00| spa d | ||
| 022 | _a1405-4175 | ||
| 040 |
_aCO-BoIAVH _cCO-BoIAVH |
||
| 041 | 0 | _aspa | |
| 044 | _amx | ||
| 090 | _aSE | ||
| 245 | 0 | 0 | _aBoletín de los Jardines Botánicos de Latinoamérica y el Caribe |
| 260 |
_aMéxico D.F. (México) : _bAsociación Latinoamericana y del Caribe de Jardines Botánicos _c[s.f.]. |
||
| 300 |
_bilustraciones y tablas ; _c21 x 16 cm. |
||
| 310 | _az | ||
| 650 | 2 | 6 |
_aBotánica _zAmérica Latina _vPublicaciones periódicas |
| 650 | 2 | 6 |
_aJardínes botánicos _zAmérica Latina _vPublicaciones periódicas |
| 710 | 2 | _aAsociación Latinoamericana y del Caribe de Jardines Botánicos | |
| 942 |
_cREVISTA _2z |
||
| 999 |
_c16744 _d16744 |
||